Vista normal Vista MARC

Entrada Materia (personas)

Número de registros utilizados en: 1

001 - CONTROL NUMBER

  • control field: 164431

003 - CONTROL NUMBER IDENTIFIER

  • control field: Co-BoUCM

005 - DATE AND TIME OF LATEST TRANSACTION

  • control field: 20211111075628.0

008 - FIXED-LENGTH DATA ELEMENTS

  • fixed length control field: 211111|| aca||aabn | a|a d

040 ## - CATALOGING SOURCE

  • Original cataloging agency: Co-BoUCM
  • Transcribing agency: Co-BoUCM

100 ## - HEADING--PERSONAL NAME

  • Personal name: Meléndez Acuña, Raúl
  • Dates associated with a name: 1964-

670 ## - SOURCE DATA FOUND

  • Source citation: Work cat.: (Co-BoUCM)57511: Kant entre sensibilidad y razón, 2006